| 000 | 00357cam a22001217a 4500 | ||
|---|---|---|---|
| 008 | 180718b1990 xxu||||| |||| 00| 0 eng d | ||
| 082 | _aI5 Ar58 | ||
| 100 | _aArmstrong, Michael | ||
| 245 |
_aManagement processes and functions _cby Michael Armstrong |
||
| 260 |
_aWimbledon _bInstitute of Perosnnel Management _c1990 |
||
| 300 | _a296p. | ||
| 650 | _aManagement | ||
| 999 |
_c340148 _d340148 |
||